| 000 | 00956nas a2200313 4500 | ||
|---|---|---|---|
| 001 | BR8102072 | ||
| 003 | BR-BrBNA | ||
| 005 | 20231205084627.0 | ||
| 007 | ta | ||
| 008 | 230509b bl.|||p| |||| 00| 00por d | ||
| 040 |
_aBR-BrBNA _bpor _cBiblioteca Nacional de Agricultura |
||
| 041 | _a(Pt) | ||
| 072 | _aE70; P05; F00 | ||
| 100 | 1 | _aMachado, R.Z. | |
| 100 | 1 | _aGomes, L.F.A.M. | |
| 245 | 1 |
_aAlternativas para o transporte de alcool [Etanol; Brasil] _bUma visao geral |
|
| 246 | 1 |
_a[Alternatives for alcohol transport [Ethanol; Brazil]] _b[A global view] |
|
| 650 | _aComercializacao | ||
| 650 | _aRecurso energetico | ||
| 650 | _aProducao vegetal | ||
| 650 | _aAlcool | ||
| 650 | _aAbastecimento | ||
| 650 | _aTransporte | ||
| 650 | _aMercado | ||
| 650 | _aEtanol | ||
| 773 | 0 |
_tBrasil Acucareiro (Brazil) _xISSN 0006-9167 _g(May 1980), v. 95(5) p. 47-57 _wBR8102072 |
|
| 909 |
_a202311 _bLúcia _c55 _dLúcia Elande |
||
| 942 |
_2AGRIS _n0 _cANA |
||
| 999 |
_c106323 _d106323 |
||